<?xml version="1.0" encoding="UTF-8"?>
<record
    xmlns:xsi="http://www.w3.org/2001/XMLSchema-instance"
    xsi:schemaLocation="http://www.loc.gov/MARC21/slim http://www.loc.gov/standards/marcxml/schema/MARC21slim.xsd"
    xmlns="http://www.loc.gov/MARC21/slim">

  <leader>01317nam a22002417a 4500</leader>
  <controlfield tag="008">170712s2017        xxu||||| |||| 00| 0 eng d</controlfield>
  <datafield tag="020" ind1=" " ind2=" ">
    <subfield code="a">9780996211642</subfield>
  </datafield>
  <datafield tag="082" ind1="0" ind2="4">
    <subfield code="a">708</subfield>
    <subfield code="b">P438s</subfield>
  </datafield>
  <datafield tag="100" ind1="1" ind2=" ">
    <subfield code="a">P&#xE9;rez C&#xF3;rdova, Tania.</subfield>
    <subfield code="9">5864</subfield>
  </datafield>
  <datafield tag="245" ind1="1" ind2="0">
    <subfield code="a">Smoke, nearby /</subfield>
    <subfield code="c">Tania P&#xE9;rez C&#xF3;rdova ; Museum of Contemporary Art Chicago (MCA).</subfield>
  </datafield>
  <datafield tag="250" ind1=" " ind2=" ">
    <subfield code="a">1a edici&#xF3;n.</subfield>
  </datafield>
  <datafield tag="260" ind1=" " ind2=" ">
    <subfield code="a">Chicago, Estados Unidos :</subfield>
    <subfield code="b">MCA,</subfield>
    <subfield code="c">2017.</subfield>
  </datafield>
  <datafield tag="300" ind1=" " ind2=" ">
    <subfield code="a">108 p&#xE1;ginas :</subfield>
    <subfield code="b">ilustraciones en color.</subfield>
  </datafield>
  <datafield tag="500" ind1=" " ind2=" ">
    <subfield code="a">Cat&#xE1;logo publicado con motivo a la exposici&#xF3;n "Smoke, nearby", presentada del 15 de abril al 20 de agosto de 2017, en el Museum of Contemporary Art Chicago (MCA).</subfield>
  </datafield>
  <datafield tag="505" ind1="0" ind2=" ">
    <subfield code="t">Foreword</subfield>
    <subfield code="r">Madeleine Grynsztejn.</subfield>
    <subfield code="t">Acknowledgments</subfield>
    <subfield code="r">Jos&#xE9; Esparza Chong Cuy y Tania P&#xE9;rez C&#xF3;rdova.</subfield>
    <subfield code="t">What i see</subfield>
    <subfield code="r">Jos&#xE9; Esparza Chong Cuy </subfield>
    <subfield code="t">One artist, nine tavleaux, and an unsuspected ending</subfield>
    <subfield code="r">Magal&#xED; Arriola.</subfield>
    <subfield code="t">Smoke, nearby: a catalogue of works</subfield>
    <subfield code="r">Tania P&#xE9;rez C&#xF3;dova.</subfield>
    <subfield code="t">Biography and exhibition history.</subfield>
    <subfield code="t">Exhibition checklist.</subfield>
    <subfield code="t">Contributors.</subfield>
    <subfield code="t">Lenders and sponsors.</subfield>
    <subfield code="t">MCA Board of Trustees.</subfield>
    <subfield code="t">MCA Staff.</subfield>
  </datafield>
  <datafield tag="653" ind1="1" ind2="0">
    <subfield code="a">Arte contempor&#xE1;neo </subfield>
  </datafield>
  <datafield tag="653" ind1="1" ind2="0">
    <subfield code="a">Arte - M&#xE9;xico </subfield>
  </datafield>
  <datafield tag="653" ind1="1" ind2="0">
    <subfield code="a">Cat&#xE1;logo de exhibici&#xF3;n</subfield>
  </datafield>
  <datafield tag="653" ind1="1" ind2="0">
    <subfield code="a">Exhibiciones</subfield>
  </datafield>
  <datafield tag="653" ind1="1" ind2="0">
    <subfield code="a">Escultura</subfield>
  </datafield>
  <datafield tag="653" ind1="1" ind2="0">
    <subfield code="a">Arte latinoamericano </subfield>
  </datafield>
  <datafield tag="710" ind1="1" ind2=" ">
    <subfield code="a">Museum of Contemporary Art Chicago (MCA).</subfield>
    <subfield code="9">5865</subfield>
  </datafield>
  <datafield tag="999" ind1=" " ind2=" ">
    <subfield code="c">1226</subfield>
    <subfield code="d">1226</subfield>
  </datafield>
  <datafield tag="952" ind1=" " ind2=" ">
    <subfield code="0">0</subfield>
    <subfield code="1">0</subfield>
    <subfield code="2">ddc</subfield>
    <subfield code="4">0</subfield>
    <subfield code="7">0</subfield>
    <subfield code="a">LV</subfield>
    <subfield code="b">LV</subfield>
    <subfield code="c">Monograf&#xED;as</subfield>
    <subfield code="d">2017-07-12</subfield>
    <subfield code="l">0</subfield>
    <subfield code="o">708 P438s</subfield>
    <subfield code="p">004432</subfield>
    <subfield code="r">2017-07-12 00:00:00</subfield>
    <subfield code="w">2017-07-12</subfield>
    <subfield code="y">01</subfield>
  </datafield>
</record>
